[Event "Kiev Slavjanskoe bratstvo"]
[Site "Kiev"]
[Date "2010.08.28"]
[Round "7"]
[White "Bogdanov, Egor"]
[Black "Gerber, Vladimir"]
[Result "1-0"]
[WhiteElo "2103"]
[BlackElo "2150"]
[PlyCount "93"]
[EventDate "2010.06.22"]
[EventType "swiss"]
[EventRounds "9"]
[EventCountry "UKR"]
[SourceTitle "EXT 2011"]
[Source "ChessBase"]
[SourceDate "2010.11.26"]
[SourceVersion "1"]
[SourceVersionDate "2010.11.26"]
[SourceQuality "1"]

1. e4 e5 2. d4 exd4 3. Nf3 Nc6 4. c3 d5 5. Bd3 dxc3 6. exd5 Qe7+ 7. Be2 c2 8. Qxc2 Nb4 9. Qc4 Bf5 10. d6 Qe4 11. d7+ Ke7 12. Qxc7 Nc2+ 13. Kf1 Bxd7 14. Nc3 Qc6 15. Qe5+ Be6 16. Bb5 Qd6 17. Qxd6+ Kxd6 18. Bf4+ Ke7 19. Rc1 Nb4 20. Ne4 Nf6 21. Rc7+ Kd8 22. Nxf6 gxf6 23. Ke2 Bh6 24. Rd1+ Nd5 25. Bg3 f5 26. Rxd5+ Bxd5 27. Rd7+ Kc8 28. Rxd5 f4 29. Bh4 a6 30. Bd3 Bg7 31. Ng5 Bxb2 32. Nxf7 Rf8 33. Ng5 h6 34. Ne4 Kc7 35. Rc5+ Kb6 36. f3 Bd4 37. Rd5 Bg1 38. Rd7 Rg8 39. Kf1 Be3 40. Nf6 Rgc8 41. Nd5+ Kc6 42. Bf5 Rf8 43. Ne7+ Kb6 44. Be4 Rab8 45. Nd5+ Ka7 46. Nxe3 fxe3 47. Bg3 1-0

[Event "Kiev Slavjanskoe bratstvo"]
[Site "Kiev"]
[Date "2010.08.27"]
[Round "6"]
[White "Gerber, Vladimir"]
[Black "Ianov, Viktor"]
[Result "0-1"]
[WhiteElo "2150"]
[BlackElo "2380"]
[PlyCount "64"]
[EventDate "2010.06.22"]
[EventType "swiss"]
[EventRounds "9"]
[EventCountry "UKR"]
[SourceTitle "EXT 2011"]
[Source "ChessBase"]
[SourceDate "2010.11.26"]
[SourceVersion "1"]
[SourceVersionDate "2010.11.26"]
[SourceQuality "1"]

1. d4 d6 2. Nf3 g6 3. e3 Bg7 4. Bc4 Nf6 5. 0-0 0-0 6. Nbd2 Nc6 7. Re1 Nd7 8. c3 e5 9. a4 Qe7 10. Nf1 Nb6 11. Bb3 a5 12. h3 e4 13. N3d2 d5 14. c4 Nb4 15. cxd5 Kh8 16. Nc4 N6xd5 17. Bd2 Be6 18. Bc3 Rfd8 19. f3 f5 20. Ncd2 exf3 21. Qxf3 Nxc3 22. bxc3 Bxb3 23. cxb4 Bd5 24. Qd1 Qxb4 25. Rb1 Qe7 26. Nb3 b6 27. Nfd2 Rd6 28. Nf3 Re6 29. Kh1 Rxe3 30. Qd2 f4 31. Ne5 Rxh3+ 32. Kg1 Qg5 0-1

[Event "Kiev-ch"]
[Site "Kiev"]
[Date "2010.03.15"]
[Round "9"]
[White "Gerber, Vladimir"]
[Black "Kazakov, Maksym"]
[Result "1/2-1/2"]
[WhiteElo "2138"]
[BlackElo "2261"]
[PlyCount "58"]
[EventDate "2010.03.04"]
[EventType "swiss"]
[EventRounds "9"]
[EventCountry "UKR"]
[SourceTitle "CBM 135 Extra"]
[Source "ChessBase"]
[SourceDate "2010.05.04"]
[SourceVersion "1"]
[SourceVersionDate "2010.05.04"]
[SourceQuality "1"]

1. d4 d5 2. Nc3 Nf6 3. Bg5 Nbd7 4. f3 c6 5. e4 dxe4 6. fxe4 e5 7. dxe5 Qa5 8. Bxf6 gxf6 9. e6 fxe6 10. Qg4 Nb6 11. Qh4 Qg5 12. Qxg5 fxg5 13. Be2 Bg7 14. Bh5+ Ke7 15. Nge2 Nc4 16. 0-0 Ne5 17. Nd4 Bd7 18. Nd1 Be8 19. Bxe8 Rhxe8 20. Nf3 Nxf3+ 21. Rxf3 Bd4+ 22. Kf1 Rf8 23. Ke2 Rxf3 24. gxf3 Rf8 25. Ne3 Bxe3 26. Kxe3 h6 27. h4 gxh4 28. Rh1 e5 29. Rxh4 Rf6 1/2-1/2

[Event "Kiev-ch"]
[Site "Kiev"]
[Date "2010.03.05"]
[Round "2"]
[White "Gerber, Vladimir"]
[Black "Burdalev, Kirill"]
[Result "0-1"]
[WhiteElo "2138"]
[BlackElo "2254"]
[PlyCount "56"]
[EventDate "2010.03.04"]
[EventType "swiss"]
[EventRounds "9"]
[EventCountry "UKR"]
[SourceTitle "CBM 135 Extra"]
[Source "ChessBase"]
[SourceDate "2010.05.04"]
[SourceVersion "1"]
[SourceVersionDate "2010.05.04"]
[SourceQuality "1"]

1. d4 Nf6 2. c4 g6 3. Nc3 Bg7 4. e4 d6 5. Be2 0-0 6. g4 c5 7. d5 e6 8. g5 Ne8 9. h4 exd5 10. cxd5 Qe7 11. Qc2 f5 12. h5 fxe4 13. hxg6 hxg6 14. Nxe4 Bf5 15. f3 Nc7 16. Bd2 Nxd5 17. Bc4 Be6 18. 0-0-0 Nc6 19. Bxd5 Bxd5 20. Nf6+ Rxf6 21. gxf6 Qxf6 22. Bc3 Nd4 23. Qa4 Qf4+ 24. Kb1 Qf5+ 25. Kc1 b5 26. Rxd4 bxa4 27. Rdh4 Bxc3 28. bxc3 Qe5 0-1

[Event "Kiev Independence Cup-A 8th"]
[Site "Kiev"]
[Date "2008.08.17"]
[Round "5"]
[White "Gerber, Vladimir"]
[Black "Marusenko, Petr"]
[Result "1/2-1/2"]
[WhiteElo "2175"]
[BlackElo "2327"]
[PlyCount "80"]
[EventDate "2008.08.13"]
[EventType "swiss"]
[EventRounds "11"]
[EventCountry "UKR"]
[SourceTitle "CBM 126 Extra"]
[Source "ChessBase"]
[SourceDate "2008.11.05"]
[SourceVersion "1"]
[SourceVersionDate "2008.11.05"]
[SourceQuality "1"]

1. d4 Nf6 2. Nc3 d5 3. Bg5 Bf5 4. e3 Nbd7 5. f3 c6 6. Bd3 Bxd3 7. cxd3 e6 8. Nge2 Be7 9. 0-0 0-0 10. Qc2 Re8 11. a3 a5 12. e4 Qb6 13. Kh1 h6 14. Bh4 Rac8 15. e5 Nh7 16. Bxe7 Rxe7 17. b4 f6 18. f4 Rf8 19. Rab1 Ref7 20. Na4 Qa7 21. Nc5 Re8 22. bxa5 Nxc5 23. Qxc5 Qxc5 24. dxc5 fxe5 25. fxe5 Rxf1+ 26. Rxf1 Ra8 27. Nd4 Rxa5 28. Nxe6 Rxa3 29. d4 Ra8 30. h4 Re8 31. Nf4 Rf8 32. Kg1 g5 33. hxg5 hxg5 34. Nh5 Rxf1+ 35. Kxf1 Kf7 36. Kf2 Nf8 37. g4 Nd7 38. Ng3 b5 39. cxb6 Nxb6 40. Nf5 Nd7 1/2-1/2

[Event "Kiev-ch"]
[Site "Kiev"]
[Date "2008.01.27"]
[Round "7"]
[White "Baklanova, Tatiana"]
[Black "Gerber, Vladimir"]
[Result "0-1"]
[WhiteElo "2257"]
[BlackElo "2130"]
[PlyCount "116"]
[EventDate "2008.01.19"]
[EventType "swiss"]
[EventRounds "11"]
[EventCountry "UKR"]
[SourceTitle "CBM 122 Extra"]
[Source "ChessBase"]
[SourceDate "2008.03.04"]
[SourceVersion "1"]
[SourceVersionDate "2008.03.04"]
[SourceQuality "1"]

1. d4 Nf6 2. c4 g6 3. Nc3 d5 4. cxd5 Nxd5 5. Bd2 Bg7 6. e4 Nxc3 7. Bxc3 0-0 8. Be2 c5 9. d5 Bxc3+ 10. bxc3 Qa5 11. Qb3 Bd7 12. Nf3 b5 13. 0-0 c4 14. Qb2 Na6 15. Ne5 Qc7 16. Nxd7 Qxd7 17. a4 bxa4 18. Bxc4 Nc5 19. Bb5 Rab8 20. Rfb1 Qc7 21. Qc2 Qa5 22. c4 a6 23. Bxa4 Rxb1+ 24. Qxb1 Nxa4 25. Kf1 Rc8 26. Qc2 Qc3 27. Qxa4 Rxc4 28. Qa3 Qd4 29. Re1 Rc2 30. Qe3 Qc4+ 31. Kg1 a5 32. h4 h5 33. Qa3 Qd4 34. Qe3 Qb4 35. Ra1 a4 36. Qa3 Qd4 37. Rf1 Qxe4 38. d6 exd6 39. Qxd6 Qxh4 40. g3 Qg5 41. Qa6 Ra2 42. Rd1 Qf5 43. Qb6 Kg7 44. Rd8 Qe4 45. Kh2 Qe5 46. Kg2 Rb2 47. Qc6 a3 48. Qa8 a2 49. Rg8+ Kh7 50. Rf8 Qf6 51. Qa7 Kg7 52. Ra8 Qc6+ 53. Kh2 Rxf2+ 54. Qxf2 Qxa8 55. Qd4+ Kg8 56. Qa1 h4 57. gxh4 Qb8+ 58. Kg2 Qb1 0-1

[Event "Kiev Independence Cup-B 7th"]
[Site "Kiev"]
[Date "2007.08.07"]
[Round "5"]
[White "Gordiyenko, Oleksandr I"]
[Black "Gerber, Vladimir"]
[Result "0-1"]
[WhiteElo "2124"]
[BlackElo "2245"]
[PlyCount "104"]
[EventDate "2007.08.03"]
[EventType "swiss"]
[EventRounds "9"]
[EventCountry "UKR"]
[SourceTitle "EXT 2023"]
[Source "ChessBase"]
[SourceDate "2022.10.05"]
[SourceVersion "1"]
[SourceVersionDate "2022.10.05"]
[SourceQuality "1"]

1. d4 d5 2. Nf3 Bf5 3. e3 e6 4. c4 Nc6 5. a3 h6 6. Nc3 Nge7 7. Qa4 a6 8. c5 g5 9. Bd2 Bg7 10. Ne2 Be4 11. Ne5 0-0 12. Nxc6 Nxc6 13. Ng3 Bg6 14. Be2 e5 15. dxe5 Nxe5 16. Qb3 c6 17. 0-0 Qe7 18. Rac1 g4 19. Bc3 h5 20. Bxe5 Bxe5 21. Bd3 h4 22. Nf5 Qg5 23. Qc2 Rae8 24. Nd4 Bxd4 25. exd4 g3 26. f4 gxh2+ 27. Kh1 Bxd3 28. fxg5 Bxc2 29. Rxc2 Re4 30. Rcf2 Kg7 31. Rf4 Rxf4 32. Rxf4 Re8 33. Rf3 Re7 34. Kxh2 Kg6 35. Kg1 Kxg5 36. Kf2 f5 37. Rb3 Kf4 38. Rh3 Rh7 39. Re3 Kg4 40. Rh3 Re7 41. Rb3 f4 42. a4 Kf5 43. Rd3 Ke4 44. Rd2 Rg7 45. b4 Rh7 46. b5 axb5 47. axb5 h3 48. gxh3 Rxh3 49. Kg2 Rd3 50. Ra2 f3+ 51. Kf2 Kxd4 52. bxc6 bxc6 0-1

[Event "Kiev-ch"]
[Site "Kiev"]
[Date "2007.01.29"]
[Round "10"]
[White "Burdalev, Kirill"]
[Black "Gerber, Vladimir"]
[Result "0-1"]
[WhiteElo "2182"]
[BlackElo "2147"]
[PlyCount "136"]
[EventDate "2007.01.20"]
[EventType "swiss"]
[EventRounds "11"]
[EventCountry "UKR"]
[SourceTitle "CBM 116 Extra"]
[Source "ChessBase"]
[SourceDate "2007.03.07"]
[SourceVersion "1"]
[SourceVersionDate "2007.03.07"]
[SourceQuality "1"]

1. e4 e5 2. Nf3 Nc6 3. Bb5 g6 4. c3 d6 5. d4 Bd7 6. Bg5 f6 7. Be3 Bh6 8. 0-0 Bxe3 9. fxe3 Qe7 10. c4 Nd8 11. Nc3 c6 12. Ba4 Nh6 13. b4 0-0 14. Bb3 Kh8 15. Rc1 Ndf7 16. c5 dxc5 17. bxc5 Rad8 18. Qe1 b6 19. Na4 Rb8 20. Rf2 b5 21. Nb2 exd4 22. exd4 Rfe8 23. Re2 Kg7 24. Nd3 Bg4 25. Nf4 Ng5 26. Rc3 b4 27. Rce3 Bxf3 28. gxf3 Qc7 29. Qg3 Qxf4 30. Kg2 Ne6 31. Bxe6 Qxg3+ 32. hxg3 Rxe6 33. d5 Re7 34. Kf2 a5 35. g4 Nf7 36. f4 g5 37. Kf3 gxf4 38. Kxf4 Re5 39. Rd2 Rc8 40. a3 cxd5 41. axb4 axb4 42. exd5 Rxc5 43. Rxe5 Nxe5 44. d6 Nd7 45. Re2 Re5 46. Rb2 Rd5 47. Rxb4 Rxd6 48. g5 Kg6 49. gxf6 Nxf6 50. Kg3 h5 51. Kh4 Rd1 52. Rb6 Rd4+ 53. Kh3 Kg5 54. Rb3 Nd5 55. Rg3+ Rg4 56. Ra3 Nf4+ 57. Kh2 Rg2+ 58. Kh1 Kg4 59. Ra5 Rb2 60. Ra3 h4 61. Ra4 Rd2 62. Ra3 Nh5 63. Kg1 Nf4 64. Kh1 Nd3 65. Kg1 Kg3 66. Ra1 h3 67. Rf1 h2+ 68. Kh1 Rd1 0-1

[Event "Kiev-ch"]
[Site "Kiev"]
[Date "2007.01.25"]
[Round "6"]
[White "Moiseev, Igor"]
[Black "Gerber, Vladimir"]
[Result "1/2-1/2"]
[WhiteElo "2236"]
[BlackElo "2147"]
[PlyCount "89"]
[EventDate "2007.01.20"]
[EventType "swiss"]
[EventRounds "11"]
[EventCountry "UKR"]
[SourceTitle "CBM 116 Extra"]
[Source "ChessBase"]
[SourceDate "2007.03.07"]
[SourceVersion "1"]
[SourceVersionDate "2007.03.07"]
[SourceQuality "1"]

1. e4 e5 2. Nf3 Nc6 3. Bb5 Bc5 4. 0-0 Qf6 5. c3 Nge7 6. d4 exd4 7. Bg5 Qg6 8. Bxe7 Nxe7 9. cxd4 Bb6 10. Nc3 0-0 11. e5 d6 12. Bd3 Qh6 13. exd6 cxd6 14. Re1 Nc6 15. Nd5 Ba5 16. Re4 Bf5 17. Rh4 Qg6 18. Nf4 Qf6 19. Nh5 Qg6 20. Bxf5 Qxf5 21. Ng3 Qg6 22. h3 f5 23. Qb3+ Qf7 24. Qxf7+ Rxf7 25. Ng5 Bd8 26. Nxf7 Bxh4 27. Nxf5 Bf6 28. N7xd6 Nxd4 29. Nxd4 Bxd4 30. Rd1 Bxb2 31. Nxb7 Bf6 32. Nc5 Rc8 33. Ne4 Be5 34. g3 h6 35. Rd5 Bb2 36. Kg2 Rc4 37. f3 Bd4 38. h4 Ra4 39. Kh3 Bb6 40. Rd2 Kh7 41. h5 Bd4 42. Rc2 Bb6 43. Nd6 Ra5 44. Kg4 Bd8 45. Kh3 1/2-1/2

[Event "Stepichev Memorial 14th"]
[Site "Kiev"]
[Date "2006.12.29"]
[Round "9"]
[White "Gerber, Vladimir"]
[Black "Khliastikov, Georgy"]
[Result "0-1"]
[WhiteElo "2147"]
[BlackElo "2068"]
[PlyCount "68"]
[EventDate "2006.12.18"]
[EventType "swiss"]
[EventRounds "9"]
[EventCountry "UKR"]
[SourceTitle "EXT 2008"]
[Source "ChessBase"]
[SourceDate "2007.11.25"]
[SourceVersion "1"]
[SourceVersionDate "2007.11.25"]
[SourceQuality "1"]

1. d4 d5 2. Nc3 Nf6 3. Bg5 e6 4. e4 Bb4 5. e5 h6 6. Bd2 Bxc3 7. Bxc3 Ne4 8. Bb4 c5 9. dxc5 Nxf2 10. Bb5+ Bd7 11. Bxd7+ Nxd7 12. Qd4 Nxh1 13. Nf3 Qc7 14. 0-0-0 Rc8 15. Rxh1 Nxc5 16. Kb1 a5 17. Ba3 b5 18. c3 b4 19. cxb4 Na6 20. b3 axb4 21. Rc1 Qb7 22. Rxc8+ Qxc8 23. Bxb4 Nxb4 24. Qxb4 Qc7 25. Nd4 f5 26. exf6 gxf6 27. Nxe6 Qe5 28. Qb7 Rg8 29. Qc8+ Kf7 30. Qd7+ Kg6 31. g3 h5 32. a4 Rb8 33. Ka2 Qe2+ 34. Ka3 Qd1 0-1

[Event "Stepichev Memorial 14th"]
[Site "Kiev"]
[Date "2006.12.22"]
[Round "3"]
[White "Pak, Voller"]
[Black "Gerber, Vladimir"]
[Result "0-1"]
[WhiteElo "2093"]
[BlackElo "2147"]
[PlyCount "86"]
[EventDate "2006.12.18"]
[EventType "swiss"]
[EventRounds "9"]
[EventCountry "UKR"]
[SourceTitle "EXT 2008"]
[Source "ChessBase"]
[SourceDate "2007.11.25"]
[SourceVersion "1"]
[SourceVersionDate "2007.11.25"]
[SourceQuality "1"]

1. c4 e5 2. Nc3 Nf6 3. Nf3 Nc6 4. g3 Bc5 5. e3 Qe7 6. d3 d6 7. Bg2 0-0 8. 0-0 a6 9. d4 Ba7 10. Nd5 Qd8 11. dxe5 Nxe5 12. Nxe5 dxe5 13. b3 c6 14. Nxf6+ Qxf6 15. Ba3 Rd8 16. Qe2 Qg5 17. Rfd1 Bg4 18. Bf3 Bxf3 19. Qxf3 h5 20. h4 Qg6 21. Rxd8+ Rxd8 22. Rd1 Rd3 23. Bb4 e4 24. Qe2 Bxe3 25. Rxd3 Qxg3+ 26. Kf1 Qh3+ 27. Kg1 Bxf2+ 28. Kxf2 exd3 29. Qe8+ Kh7 30. Qe4+ g6 31. Qf4 Qe6 32. Qe3 Qf5+ 33. Ke1 Qf6 34. Qg5 Qa1+ 35. Kd2 Qxa2+ 36. Kxd3 Qxb3+ 37. Bc3 Qd1+ 38. Ke4 Qc2+ 39. Kd4 c5+ 40. Qxc5 Qf2+ 41. Kd5 Qf3+ 42. Kd6 Qxc3 43. Kc7 b5 0-1

[Event "Kiev Independence Cup-B 6th"]
[Site "Kiev"]
[Date "2006.08.03"]
[Round "2"]
[White "Mazurkov, Anatolij"]
[Black "Gerber, Vladimir"]
[Result "1/2-1/2"]
[WhiteElo "2053"]
[BlackElo "2147"]
[PlyCount "65"]
[EventDate "2006.08.02"]
[EventType "swiss"]
[EventRounds "9"]
[EventCountry "UKR"]
[SourceTitle "CBM 113 Extra"]
[Source "ChessBase"]
[SourceDate "2006.09.14"]
[SourceVersion "1"]
[SourceVersionDate "2006.09.14"]
[SourceQuality "1"]

1. d4 d5 2. c4 Bf5 3. e3 e6 4. Nc3 c6 5. Bd3 Bxd3 6. Qxd3 Qg5 7. Kf1 Qh5 8. Nge2 Qg6 9. Qxg6 hxg6 10. cxd5 exd5 11. g3 Na6 12. a3 Nc7 13. Bd2 Ne6 14. Nf4 Nxf4 15. exf4 Bd6 16. Re1+ Kd7 17. Nd1 Ne7 18. Ne3 a5 19. h4 b5 20. Ke2 Nc8 21. f5 gxf5 22. Nxf5 Bf8 23. h5 Nb6 24. Kd3 Nc4 25. Bc1 a4 26. g4 b4 27. axb4 Bxb4 28. Re2 g6 29. Ng3 a3 30. bxa3 Bxa3 31. Ra2 Bxc1 32. Rxa8 Rxa8 33. Rxc1 1/2-1/2